History Quiz

Random History or Politics Quiz

US President or Not? Quiz Stats

 Plays Quiz Updated Jan 20, 2021

Support Sporcle.
Go Orange.
Score 0/90 Timer 02:00
0 Plays Today
Name Y or N? % Correct
Abraham Lincoln???
88.7%
George W. Bush???
88.7%
George Washington???
88.7%
John F. Kennedy???
88.7%
George H. W. Bush???
88.5%
Theodore Roosevelt???
88.5%
Ronald Reagan???
88.5%
Richard Nixon???
88.4%
Barack Obama???
88.4%
Franklin Roosevelt???
88.3%
Dwight D. Eisenhower???
88%
Bill Clinton???
88%
Jimmy Carter???
87.8%
Ross Perot???
87.7%
John Quincy Adams???
87.7%
Ralph Nader???
87.6%
Rufus King???
87.5%
Michael Dukakis???
87.5%
Woodrow Wilson???
87.5%
Bob Dole???
87.4%
Barry Goldwater???
87.4%
Lewis Cass???
87.4%
Paul Revere???
87.4%
Harry Truman???
87.2%
Elbridge Gerry???
87.2%
Lyndon Johnson???
87.2%
Salmon P. Chase???
87.2%
Spiro Agnew???
87.2%
Thomas Jefferson???
87.2%
John Adams???
87.2%
Name Y or N? % Correct
DeWitt Clinton???
87.1%
Adlai Stevenson???
87.1%
Dick Cheney???
87.1%
Wendell Willkie???
87%
Mitt Romney???
87%
Jeb Bush???
86.9%
Francis Scott Key???
86.8%
Horatio Seymour???
86.8%
Daniel Webster???
86.7%
Nelson Rockefeller???
86.7%
Andrew Jackson???
86.7%
Joe Biden???
86.6%
Gerald Ford???
86.6%
Al Gore???
86.6%
Samuel Tilden???
86.6%
John Jay???
86.5%
Walter Mondale???
86.5%
Edmund Randolph???
86.5%
John C. Frémont???
86.5%
Donald Trump???
86.4%
John Kerry???
86.4%
James Madison???
86.3%
Grover Cleveland???
86.3%
Hillary Clinton???
86.2%
Winfield Scott???
86.2%
William Howard Taft???
86.1%
John C. Breckinridge???
86.1%
Herbert Hoover???
86%
James Garfield???
85.9%
John McCain???
85.8%
Name Y or N? % Correct
Mike Pence???
85.7%
Calvin Coolidge???
85.6%
Stephen Douglas???
85.4%
Ulysses S. Grant???
85.4%
James Monroe???
85.2%
William McKinley???
84.7%
William Jennings Bryan???
84.5%
Thomas E. Dewey???
84.3%
Aaron Burr???
84.1%
Henry Clay???
84.1%
James K. Polk???
83.9%
Andrew Johnson???
83.7%
Thomas Edison???
83.1%
James Buchanan???
82.8%
John Hancock???
82.7%
Martin Van Buren???
82.4%
Zachary Taylor???
81.5%
William Henry Harrison???
81.5%
John Calhoun???
80.4%
Rutherford Hayes???
80.4%
Jefferson Davis???
80.2%
Millard Fillmore???
79.2%
Warren Harding???
78.9%
John Tyler???
75.4%
Franklin Pierce???
75%
Benjamin Harrison???
73.9%
Benjamin Franklin???
73.8%
Chester Arthur???
73.7%
Alexander Hamilton???
68.1%
Robert Taft???
50.5%

You're not logged in!

Compare scores with friends on all Sporcle quizzes.
OR
Log In

From the Vault

Top Grossing 'Q' & 'X' Movies

by Sheldon

A lot of these movies are perfect Scrabble fodder.
Remove Ads.
Support Sporcle.
Get the best of Sporcle when you Go Orange. This ad-free experience offers more features, more stats, and more fun while also helping to support Sporcle. Thank you for becoming a member.

Show Comments

Extras

Top Quizzes Today


Score Distribution

Your Account Isn't Verified!

In order to create a playlist on Sporcle, you need to verify the email address you used during registration. Go to your Sporcle Settings to finish the process.

Report this User

Report this user for behavior that violates our Community Guidelines.

Details: